LIBRARY & INFORMATION CENTRE, KCAET, TAVANUR

ONLINE PUBLIC ACCESS CATALOGUE (OPAC)

A text book of electrical technology (Record no. 17460)

MARC details
000 -LEADER
fixed length control field 00297nam a22001217a 4500
003 - CONTROL NUMBER IDENTIFIER
control field OSt
008 - FIXED-LENGTH DATA ELEMENTS--GENERAL INFORMATION
fixed length control field 211204b ||||| |||| 00| 0 eng d
082 ## - DEWEY DECIMAL CLASSIFICATION NUMBER
Classification number 621.301
Item number THE/PE
100 ## - MAIN ENTRY--AUTHOR NAME
Personal name Theraja,B,L
245 ## - TITLE STATEMENT
Title A text book of electrical technology
700 ## - ADDED ENTRY--PERSONAL NAME
Personal name THERAJA,A. K
942 ## - ADDED ENTRY ELEMENTS (KOHA)
Koha item type Books
Holdings
Withdrawn status Lost status Damaged status Home library Current library Date acquired Full call number Accession Number Koha item type
    Damaged KAUAET KAUAET 04/12/2021 621.301 THE/PE 18842 Books
free website counter